<?xml version="1.0" encoding="UTF-8"?>
<record
    xmlns:xsi="http://www.w3.org/2001/XMLSchema-instance"
    xsi:schemaLocation="http://www.loc.gov/MARC21/slim http://www.loc.gov/standards/marcxml/schema/MARC21slim.xsd"
    xmlns="http://www.loc.gov/MARC21/slim">

  <leader>00760nam a22002297a 4500</leader>
  <controlfield tag="003">UA-OsUOA</controlfield>
  <controlfield tag="001"> 37221 </controlfield>
  <controlfield tag="007">ta</controlfield>
  <controlfield tag="008">20070110b un ||||| |||| 00| 0 ukr d</controlfield>
  <datafield tag="090" ind1=" " ind2=" ">
    <subfield code="a">050</subfield>
    <subfield code="b">&#x412;55</subfield>
  </datafield>
  <datafield tag="942" ind1=" " ind2=" ">
    <subfield code="c">CR</subfield>
  </datafield>
  <datafield tag="040" ind1=" " ind2=" ">
    <subfield code="a">UA-OsUOA</subfield>
    <subfield code="b">ukr</subfield>
    <subfield code="c">UA-OsUOA</subfield>
    <subfield code="d">UA-OsUOA</subfield>
  </datafield>
  <datafield tag="245" ind1=" " ind2=" ">
    <subfield code="a">&#x412;&#x456;&#x441;&#x442;&#x456; &#x41D;&#x430;&#x443;&#x43A;&#x43E;&#x432;&#x43E;&#x433;&#x43E; &#x422;&#x43E;&#x432;&#x430;&#x440;&#x438;&#x441;&#x442;&#x432;&#x430; &#x456;&#x43C;.&#x428;&#x435;&#x432;&#x447;&#x435;&#x43D;&#x43A;&#x430; &#x432; &#x404;&#x432;&#x440;&#x43E;&#x43F;&#x456;</subfield>
  </datafield>
  <datafield tag="300" ind1=" " ind2=" ">
    <subfield code="a">19 &#x441;.</subfield>
  </datafield>
  <datafield tag="955" ind1=" " ind2=" ">
    <subfield code="a">1</subfield>
  </datafield>
  <datafield tag="041" ind1=" " ind2=" ">
    <subfield code="a">ukr</subfield>
  </datafield>
  <datafield tag="080" ind1=" " ind2=" ">
    <subfield code="a">050</subfield>
  </datafield>
  <datafield tag="260" ind1=" " ind2=" ">
    <subfield code="a">&#x421;&#x430;&#x440;&#x441;&#x435;&#x43B;&#x44C;</subfield>
    <subfield code="b">&#x41D;&#x422;&#x428;</subfield>
  </datafield>
  <datafield tag="310" ind1=" " ind2=" ">
    <subfield code="a">&#x421;&#x456;&#x447;&#x435;&#x43D;&#x44C; 2005; &#x447;&#x438;&#x441;&#x43B;&#x43E; 28</subfield>
  </datafield>
  <datafield tag="650" ind1=" " ind2="7">
    <subfield code="a">050 &#x421;&#x435;&#x440;&#x456;&#x439;&#x43D;&#x456; &#x43F;&#x443;&#x431;&#x43B;&#x456;&#x43A;&#x430;&#x446;&#x456;&#x457;. &#x41F;&#x435;&#x440;&#x456;&#x43E;&#x434;&#x438;&#x43A;&#x430; &#x433;&#x430;&#x43B;&#x443;&#x437;&#x456;, &#x41E;&#x440;&#x433;&#x430;&#x43D;&#x456;&#x437;&#x430;&#x446;&#x456;&#x44F; &#x442;&#x430; &#x456;&#x43D;&#x448;&#x456; &#x442;&#x438;&#x43F;&#x438; &#x43F;&#x43E;&#x454;&#x434;&#x43D;&#x430;&#x43D;&#x43D;&#x44F; (&#x441;&#x43F;&#x456;&#x432;&#x440;&#x43E;&#x431;&#x456;&#x442;&#x43D;&#x438;&#x446;&#x442;&#x432;&#x430;)</subfield>
    <subfield code="2">UDC</subfield>
  </datafield>
  <datafield tag="999" ind1=" " ind2=" ">
    <subfield code="c">435744</subfield>
    <subfield code="d">435744</subfield>
  </datafield>
</record>
